| 000 | 00791cam a22002533a 4500 | ||
|---|---|---|---|
| 001 | 31752 | ||
| 003 | PGUSA | ||
| 005 | 20140828083703.0 | ||
| 008 | 100323s2010||||xxu|||||s|||||000 1 eng d | ||
| 040 |
_aPGUSA _beng |
||
| 042 | _adc | ||
| 050 | 4 | _aPQ | |
| 100 | 1 |
_aSue, Eugène, _d1804-1857 |
|
| 245 | 1 | 4 |
_aThe Gold Sickle; Or, Hena, The Virgin of The Isle of Sen. A Tale of Druid Gaul _h[electronic resource] / _cEugène Sue |
| 260 |
_bProject Gutenberg, _c2010 |
||
| 506 | _aPublic domain in the USA. | ||
| 516 | _aElectronic text | ||
| 653 | _aDruids and druidism -- Fiction | ||
| 653 | _aGaul -- History -- To 58 B.C. -- Fiction | ||
| 700 | 1 |
_aDe Leon, Daniel, _d1852-1914 |
|
| 830 | 0 |
_aProject Gutenberg _v31752 |
|
| 856 | 4 | 0 | _uhttp://www.gutenberg.org/ebooks/31752 |
| 942 | _cEB | ||
| 999 |
_c261007 _d261007 |
||